Leyendo el Carnaval: miradas desde Barranquilla, Bahía y Barcelona
Gorde:
| Egile nagusia: | |
|---|---|
| Formatua: | Liburua |
| Hizkuntza: | gaztelania |
| Argitaratua: |
Barranquilla
Uninorte
2009
|
| Gaiak: | |
| Etiketak: |
Etiketa erantsi
Etiketarik gabe, Izan zaitez lehena erregistro honi etiketa jartzen!
|
MARC
| LEADER | 00000nam a2200000 a 4500 | ||
|---|---|---|---|
| 001 | UCG2599 | ||
| 003 | CL-VaPUC | ||
| 008 | 100715e20090000CK |||||||||||||||||spa|d | ||
| 020 | |a 9789587410037 | ||
| 082 | 0 | 4 | |a 392.5 |b LIZ |2 21 |
| 100 | |a Lizcano Angarita, Martha |e autora |9 551076 | ||
| 245 | 1 | 0 | |a Leyendo el Carnaval: miradas desde Barranquilla, Bahía y Barcelona |
| 300 | |a 143 p | ||
| 942 | |c BK | ||
| 945 | |d 20100715 00:00:00 |a mfarfan | ||
| 260 | |a Barranquilla |b Uninorte |c 2009 | ||
| 650 | 7 | |a CARNAVALES CULTURALES |2 CL-VaPUC |9 551077 | |
| 650 | 7 | |a DANZAS TRADICIONALES |2 CL-VaPUC |9 477712 | |
| 650 | 7 | |a MUSICA FOLCKLORICA |2 CL-VaPUC |9 551078 | |
| 650 | 0 | |a Costumbres y tradiciones |9 268292 | |
| 651 | 0 | |a Colombia |9 256424 | |
| 583 | |a last modification |c 20100715 00:00:00 |k Rodrigo Vera | ||
| 999 | |c 341729 |d 341727 | ||
| 952 | |0 0 |1 0 |4 0 |6 392_500000000000000_LIZ_2009 |7 0 |8 X |9 437421 |a FDOMLP |b FDOMLP |d 2019-11-22 |i 4686772 |o 392.5 LIZ 2009 |p 4686772 |r 2019-11-22 |w 2019-11-22 |y BK_X |k BU2 | ||